[Event "Druzynowe Mistrzostwa Polski - II Liga 2023"]
[Site "Jastrzebia Gora"]
[Date "1899-12-30"]
[Round "3.90"]
[White "Pisarek, Elzbieta"]
[Black "Kawa, Anna"]
[Result "1/2-1/2"]
[WhiteTitle "I++"]
[BlackTitle "I++"]
[WhiteElo "1779"]
[BlackElo "1665"]

1. e4 c5 2. Nf3 d6 3. Bb5+ Bd7 4. Bxd7+ Nxd7 5. O-O Ngf6 6. Re1 e6 7. c3 Be7 8.
d4 cxd4 9. cxd4 O-O 10. Nc3 e5 11. d5 a6 12. a4 b6 13. b4 Rc8 14. Bb2 Nh5 15.
Na2 Nf4 16. g3 Ng6 17. Qe2 Nb8 18. Rac1 Qd7 19. b5 a5 20. Nd2 Bg5 21. Rxc8 Rxc8
22. Rc1 Rxc1+ 23. Nxc1 Qc8 24. Qc4 Ne7 25. Qxc8+ Nxc8 26. Nc4 Bxc1 27. Bxc1 Kf8
28. Ba3 Ke7 29. Nxe5 f6 30. Nc6+ Nxc6 31. dxc6 Ke6 32. f4 d5 33. f5+ Ke5 34. exd5
Kxd5 35. Kf2 Kc4 36. Bf8 g6 37. g4 Kb3 38. Bg7 Kxa4 39. Bxf6 Kxb5 40. c7 Kc6 41.
Be5 gxf5 42. gxf5 a4 43. f6 Kd7 44. Ke2 a3 45. Kd2 a2 46. Kc2 Nd6 47. Kb3 Nf7
48. c8=Q+ Kxc8 49. Bd4 Kd7 50. Kxa2 Ke6 51. Bxb6 Kxf6 52. Kb2 Nd6 53. Kc2 Kf5
54. Kd3 Kg4 55. Bc7 Nf5 56. Ke2 Kh3 57. Kf3 Nh6 58. Kf4 Ng4 59. Kg5 Nxh2 60. Bxh2
1/2-1/2

[Event "Druzynowe Mistrzostwa Polski - II Liga 2023"]
[Site "Jastrzebia Gora"]
[Date "1899-12-30"]
[Round "3.91"]
[White "Chaczynski, Kamil"]
[Black "Suder, Jakub"]
[Result "0-1"]
[WhiteTitle "k"]
[BlackTitle "FM"]
[WhiteElo "2165"]
[BlackElo "2304"]

1. d4 d5 2. c4 e6 3. Nf3 a6 4. g3 dxc4 5. Bg2 b5 6. Ne5 c6 7. b3 cxb3 8. O-O bxa2
9. Rxa2 Bb7 10. Nc3 Nf6 11. e4 Nbd7 12. f4 Bb4 13. Ne2 O-O 14. Nd3 Be7 15. e5
Nd5 16. Bxd5 cxd5 17. f5 exf5 18. Rxf5 Qb6 19. Be3 f6 20. exf6 Rxf6 21. Rxf6 Bxf6
22. Rc2 Re8 23. Qc1 b4 24. Ne5 Qb5 25. Nxd7 Qxd7 26. Nf4 Bd8 27. Nd3 Bb6 28. Ne5
Qe6 29. Rf2 a5 30. Qf1 Bc7 31. Bf4 Ba6 32. Qa1 Bb6 33. Kg2 Bb5 34. Qb2 Rf8 35.
h4 h6 36. g4 Bc7 37. Kg3 h5 38. gxh5 Bd7 39. Nxd7 Bxf4+ 0-1

[Event "Druzynowe Mistrzostwa Polski - II Liga 2023"]
[Site "Jastrzebia Gora"]
[Date "1899-12-30"]
[Round "3.93"]
[White "Walkusz, Witoslaw"]
[Black "Mirski, Michal"]
[Result "1/2-1/2"]
[WhiteTitle "FM"]
[BlackTitle "I++"]
[WhiteElo "2038"]
[BlackElo "1995"]

1. e4 c5 2. Nf3 d6 3. Bb5+ Nd7 4. a4 Ngf6 5. Nc3 e6 6. O-O Be7 7. Re1 O-O 8. d4
cxd4 9. Nxd4 a6 10. Bf1 Qc7 11. a5 Ne5 12. h3 Bd7 13. Nb3 Bc6 14. Bf4 Rfd8 15.
g4 Rac8 16. g5 Nfd7 17. Nd4 Nc5 18. b4 Ncd7 19. b5 axb5 20. Bg2 b4 21. Nd5 exd5
22. exd5 Bb5 23. Nxb5 Qxc2 24. Qxc2 Rxc2 25. Reb1 Rc5 26. Nd4 Rc4 27. Be3 Nc5
28. f4 Ned3 29. Bf1 Rc3 30. Nb5 Rc2 31. Bxc5 Nxc5 32. Rxb4 Rd2 33. Bg2 f6 34.
h4 fxg5 35. hxg5 h6 36. Re1 Nd3 37. Rd4 Rxg2+ 38. Kxg2 Nxe1+ 39. Kf2 Nc2 40. Rc4
Na1 41. Rc7 Kf8 42. Nd4 Ra8 43. Rxb7 hxg5 44. Ne6+ Kf7 45. Nxg5+ Ke8 46. Ne6 Rxa5
47. Nxg7+ Kf8 48. Ne6+ Kf7 49. Ng5+ Kf8 50. Ne6+ Kf7 51. Ng5+ Kf8 52. Ne6+ 1/2-1/2

[Event "Druzynowe Mistrzostwa Polski - II Liga 2023"]
[Site "Jastrzebia Gora"]
[Date "1899-12-30"]
[Round "3.94"]
[White "Pietrzak, Tomasz"]
[Black "Bartkowiak, Damian"]
[Result "1-0"]
[WhiteTitle "I"]
[BlackTitle "k"]
[WhiteElo "1786"]
[BlackElo "2074"]

1. Nf3 f5 2. d3 g6 3. e4 d6 4. Nc3 Bg7 5. h4 h6 6. d4 Nf6 7. Bd3 Nc6 8. exf5 gxf5
9. d5 Nb4 10. Nd4 c6 11. Nxf5 Bxf5 12. Bxf5 Nbxd5 13. Bg6+ Kd7 14. Nxd5 cxd5 15.
Qe2 Qb6 16. Rh3 d4 17. Rb3 Qc6 18. Bf5+ Kd8 19. Qe6 Rf8 20. Bd2 a5 21. O-O-O d5
22. Re1 Ne4 23. f3 a4 24. Rb6 Qxe6 25. Bxe6 Nxd2 26. Kxd2 a3 27. b3 Kc7 28. Rb5
Bf6 29. Bxd5 Bxh4 30. Re6 Ra7 31. Kd3 Bf6 32. Reb6 Rb8 33. g4 Rc8 34. Rxb7+ Rxb7
35. Rxb7+ Kd6 36. Bc4 Ke5 37. Rb5+ Kf4 38. Rf5+ Kg3 39. Ke4 Rd8 40. Ra5 Rf8 41.
Rxa3 Bg7 42. b4 Rf4+ 43. Kd5 Bf8 44. Rb3 d3 45. cxd3 Rxf3 46. b5 e6+ 47. Kc6 Rf6
48. b6 e5+ 49. Kd7 Bd6 50. Be6 Bb8 51. a4 Kf4 52. a5 e4 53. dxe4 h5 54. a6 Rh6
55. gxh5 Rxh5 56. Kc8 Rh8+ 57. Kb7 Ke5 58. Bc8 1-0

[Event "Druzynowe Mistrzostwa Polski - II Liga 2023"]
[Site "Jastrzebia Gora"]
[Date "1899-12-30"]
[Round "3.95"]
[White "Rusiniak, Slawomir"]
[Black "Soliwoda, Zygmunt"]
[Result "1-0"]
[WhiteTitle "k"]
[BlackTitle "I"]
[WhiteElo "2073"]
[BlackElo "1752"]

1. d4 Nf6 2. Nf3 e6 3. c4 b6 4. g3 Bb7 5. Bg2 c5 6. O-O cxd4 7. Nxd4 Bxg2 8. Kxg2
Qc7 9. b3 Bc5 10. Nc3 a6 11. Bb2 Nc6 12. Nf3 Ne5 13. Nd5 exd5 14. Bxe5 Qc6 15.
cxd5 Qxd5 16. Qxd5 Nxd5 17. Bxg7 Rg8 18. Bd4 Bxd4 19. Nxd4 Rc8 20. Rfd1 Rc5 21.
e3 Rg6 22. Rd2 Rf6 23. Re1 Nc3 24. e4 d6 25. f3 Kd7 26. Re3 Nb5 27. Nf5 Kc7 28.
Red3 Rc6 29. Ne7 Re6 30. Nxc6 Kxc6 31. g4 Nc7 32. h4 Ne8 33. Rd5 Rh6 34. Kg3 Rg6
35. Rf5 f6 36. Rfd5 Kc7 37. a4 Rg7 38. Kf4 Rd7 39. Kf5 Re7 40. Rc2+ Kd7 41. b4
Nc7 42. Rd3 Re5+ 43. Kf4 a5 44. bxa5 Rxa5 45. Rcd2 Ne8 46. Rd4 Ke7 47. Rb2 Nc7
48. Kg3 Ra6 49. Rdb4 Kd7 50. Rxb6 Rxa4 51. Rd2 d5 52. exd5 Ne8 53. Rb7+ Kd6 54.
Rxh7 Ra6 55. h5 Nc7 56. Rf7 1-0

[Event "Druzynowe Mistrzostwa Polski - II Liga 2023"]
[Site "Jastrzebia Gora"]
[Date "1899-12-30"]
[Round "3.96"]
[White "Uliasz, Katarzyna"]
[Black "Andrzejewska, Anna"]
[Result "1/2-1/2"]
[WhiteTitle "I++"]
[BlackTitle "WCM"]
[WhiteElo "1764"]
[BlackElo "1944"]

1. e4 e5 2. Nf3 Nc6 3. Bb5 a6 4. Ba4 Nf6 5. O-O b5 6. Bb3 Bc5 7. Re1 d6 8. c3 Bb6
9. h3 O-O 10. d4 h6 11. Be3 Re8 12. dxe5 dxe5 13. Qxd8 Rxd8 14. Bxb6 cxb6 15.
Nbd2 Bb7 16. Nf1 Rd7 17. Ng3 g6 18. Rad1 Rad8 1/2-1/2

[Event "Druzynowe Mistrzostwa Polski - II Liga 2023"]
[Site "Jastrzebia Gora"]
[Date "1899-12-30"]
[Round "3.97"]
[White "Niekras, Dawid"]
[Black "Balinski, Damian"]
[Result "1-0"]
[WhiteTitle "FM"]
[BlackTitle "k"]
[WhiteElo "2298"]
[BlackElo "2196"]

1. e4 e5 2. Nf3 Nf6 3. Nc3 Nc6 4. g3 d5 5. exd5 Nxd5 6. Bg2 Nxc3 7. bxc3 Bc5 8.
O-O O-O 9. d3 Bb6 10. a4 Re8 11. Rb1 Bg4 12. h3 Bh5 13. g4 Bg6 14. Ng5 h6 15.
Ne4 Qh4 16. Qf3 Nd8 17. Qg3 Qe7 18. Be3 f6 19. c4 Ne6 20. Nc3 Bxe3 21. fxe3 c6
22. Rb2 Rad8 23. Be4 Bxe4 24. Nxe4 b6 25. Ra1 Nc5 26. Qf3 Nxe4 27. Qxe4 Qc5 28.
Kf2 Rb8 29. Ke2 Rec8 30. h4 Qe7 31. Rbb1 Qe6 32. Qf5 Qxf5 33. gxf5 a5 34. Kd2
c5 35. Rb5 Rc6 36. Rab1 Kf7 37. Rxa5 Rd8 38. Ra7+ Kf8 39. Rg1 e4 40. Raxg7 1-0

[Event "Druzynowe Mistrzostwa Polski - II Liga 2023"]
[Site "Jastrzebia Gora"]
[Date "1899-12-30"]
[Round "3.98"]
[White "Zerebiec, Maurycy"]
[Black "Zakrzewski, Marek"]
[Result "1/2-1/2"]
[WhiteTitle "I++"]
[BlackTitle "FM"]
[WhiteElo "1971"]
[BlackElo "2306"]

1. Nf3 c5 2. c4 g6 3. Nc3 Bg7 4. g3 Nc6 5. Bg2 e6 6. d4 cxd4 7. Nb5 d5 8. cxd5
Qa5+ 9. Nd2 Qxb5 10. dxc6 Ne7 11. a4 Qb6 12. b4 Nd5 13. Bxd5 exd5 14. cxb7 Qxb7
15. O-O O-O 16. Bb2 Re8 17. Nf3 Qxb4 18. Bxd4 Ba6 19. Re1 Rxe2 20. Rxe2 Bxe2 21.
Qxe2 Bxd4 22. Nxd4 Qxd4 23. Rd1 Qxa4 24. Rxd5 a5 25. h4 h5 26. Qd2 Qa1+ 27. Kg2
a4 28. g4 hxg4 29. h5 Qf6 30. hxg6 fxg6 31. Rd7 Rf8 32. Qa2+ Kh8 33. Qd2 Kg8 34.
Qa2+ Kh8 35. Qd2 Qf3+ 36. Kg1 Qf4 37. Qb2+ Qf6 38. Qd2 Qf4 39. Qb2+ Qf6 40. Qd2
Kg8 41. Qa2+ Rf7 42. Rxf7 Qxf7 43. Qxa4 Qe6 44. Qa8+ Kh7 45. Qa7+ Kh6 46. Qd4
Kg5 47. Qd8+ Qf6 48. Qd5+ Kh6 49. Qh1+ Kg7 50. Qb7+ Qf7 51. Qe4 Qd7 52. Qe5+ Kh7
53. Qh2+ Kg8 54. Qb8+ Kf7 55. Qf4+ Qf5 56. Qxf5+ gxf5 57. f3 g3 58. f4 Ke6 59.
Kg2 Kd5 60. Kxg3 Ke4 61. Kg2 Kxf4 62. Kf2 Ke4 63. Ke2 f4 64. Kf2 f3 65. Kf1 Kf4
66. Kf2 Kg4 67. Kf1 Kg3 68. Kg1 f2+ 69. Kf1 Kf3 1/2-1/2

[Event "Druzynowe Mistrzostwa Polski - II Liga 2023"]
[Site "Jastrzebia Gora"]
[Date "1899-12-30"]
[Round "3.99"]
[White "Selbes, Tamer Tarik"]
[Black "Kossobudzki, Robert"]
[Result "1-0"]
[WhiteTitle "FM"]
[BlackTitle "I"]
[WhiteElo "2225"]
[BlackElo "1965"]

1. Nf3 b5 2. g3 Bb7 3. Bg2 Nf6 4. O-O e6 5. d3 Bc5 6. e4 d5 7. exd5 Nxd5 8. Ng5
Nc6 9. c4 bxc4 10. dxc4 Nde7 11. Qa4 O-O 12. Qb5 Bb6 13. c5 h6 14. cxb6 hxg5 15.
bxc7 Qxc7 16. Bxg5 Rab8 17. Qc5 f6 18. Be3 Rfc8 19. Nc3 Ne5 20. Qxc7 Rxc7 21.
Bxa7 Ra8 22. Bb6 Rd7 23. Rfd1 Bxg2 24. Kxg2 Rb7 25. Bc5 N7c6 26. b3 Nd7 27. Be3
Nb4 28. Rd2 Ra6 29. Rad1 Ne5 30. Rd6 Kf7 31. Rxa6 Nxa6 32. Ne4 Rc7 33. a3 Rc6
34. b4 Nc7 35. Bc5 Nd5 36. b5 Rc7 37. b6 Rc6 38. b7 Nd7 39. Bd4 Nb8 40. Ba7 Nd7
41. b8=Q Nxb8 42. Bxb8 Rc2 43. Rd3 Ke7 44. Bd6+ Kd7 45. Bf8 f5 46. Nc5+ Ke8 47.
Nxe6 Kf7 48. Rxd5 Kxe6 49. Ra5 g5 50. h3 Rc3 51. g4 fxg4 52. hxg4 Kf6 53. Rf5+
Kg6 54. Be7 Rc4 55. Kg3 Rc3+ 56. f3 Rc1 57. Bxg5 1-0

[Event "Druzynowe Mistrzostwa Polski - II Liga 2023"]
[Site "Jastrzebia Gora"]
[Date "1899-12-30"]
[Round "3.100"]
[White "Meller, Piotr"]
[Black "Bajerlein, Dawid"]
[Result "1-0"]
[WhiteTitle "I"]
[BlackTitle "k+"]
[WhiteElo "1976"]
[BlackElo "2064"]

1. Nf3 c5 2. c4 Nc6 3. Nc3 g6 4. g3 Bg7 5. Bg2 e6 6. O-O Nge7 7. Ne4 d6 8. d3 O-O
9. Bg5 f5 10. Nc3 h6 11. Bd2 e5 12. Rb1 Be6 13. a3 Qd7 14. b4 Rae8 15. Ne1 f4
16. Nd5 fxg3 17. hxg3 Bh3 18. Bxh3 Qxh3 19. bxc5 Rf5 20. g4 Qxg4+ 21. Ng2 Nxd5
22. cxd5 Nd4 23. f3 Qh3 24. Kf2 Ref8 25. Rh1 Rxf3+ 26. exf3 Rxf3+ 27. Kg1 Qg3
28. Qe1 Qg4 29. Rh4 Qd7 30. Rxd4 exd4 31. Qe6+ Qxe6 32. dxe6 dxc5 33. Rxb7 Rxd3
34. Rb8+ Kh7 35. e7 Rxd2 36. e8=Q h5 37. Nf4 1-0

[Event "Druzynowe Mistrzostwa Polski - II Liga 2023"]
[Site "Jastrzebia Gora"]
[Date "1899-12-30"]
[Round "3.101"]
[White "Bernat, Marcin"]
[Black "Motyl, Tomasz"]
[Result "1/2-1/2"]
[WhiteTitle "k"]
[BlackTitle "I++"]
[WhiteElo "1959"]
[BlackElo "1787"]

1. d4 Nf6 2. c4 c5 3. d5 b5 4. cxb5 a6 5. bxa6 Bxa6 6. Nc3 d6 7. e4 Bxf1 8. Kxf1
g6 9. g3 Bg7 10. Kg2 O-O 11. Nf3 Nbd7 12. a4 Ra6 13. Ra3 Qa8 14. Re1 Rb8 15. Nb5
Ne8 16. Qc2 Qb7 17. h4 Nc7 18. Nxc7 Qxc7 19. b3 Rab6 20. Bd2 Qb7 21. Rb1 Ne5 22.
Ng5 Qa6 23. a5 R6b7 24. Nf3 Qd3 25. Qxd3 Nxd3 26. Ne1 Nb4 27. Kf3 Ra7 28. Ke2
Rba8 29. Ra4 Rxa5 30. Rxa5 Rxa5 31. Nd3 Ra2 32. Nxb4 cxb4 33. Kd3 f5 34. f3 fxe4+
35. fxe4 Be5 36. g4 Kf7 37. h5 Ke8 38. hxg6 hxg6 39. g5 Bc3 40. Bxc3 bxc3 41.
Kxc3 Rg2 42. b4 Kd7 43. Kc4 Kc7 44. Rf1 Rxg5 45. Rf7 Re5 46. Kd4 Kb6 1/2-1/2

[Event "Druzynowe Mistrzostwa Polski - II Liga 2023"]
[Site "Jastrzebia Gora"]
[Date "1899-12-30"]
[Round "3.102"]
[White "Woznica, Alicja"]
[Black "Kostecka, Marika"]
[Result "1-0"]
[WhiteTitle "I+"]
[BlackTitle "WCM"]
[WhiteElo "1429"]
[BlackElo "1928"]

1. d4 Nf6 2. Nf3 e6 3. Bf4 c5 4. c3 d5 5. e3 Nc6 6. Nbd2 Bd6 7. Bg3 O-O 8. Bd3
b6 9. e4 dxe4 10. Nxe4 Nxe4 11. Bxe4 Bb7 12. Qa4 Rc8 13. dxc5 Bxc5 14. Rd1 Qe8
15. Bxh7+ Kxh7 16. Qh4+ 1-0

[Event "Druzynowe Mistrzostwa Polski - II Liga 2023"]
[Site "Jastrzebia Gora"]
[Date "1899-12-30"]
[Round "3.103"]
[White "Luba, Lukasz"]
[Black "Janocha, Wieslaw"]
[Result "1-0"]
[WhiteTitle "k"]
[BlackTitle "FM"]
[WhiteElo "2054"]
[BlackElo "2208"]

1. d4 Nf6 2. Nf3 d5 3. c4 c6 4. Nc3 dxc4 5. a4 Bf5 6. Nh4 Bg6 7. Nxg6 hxg6 8. e3
e6 9. Bxc4 Bb4 10. Bd2 a5 11. Qf3 Nbd7 12. h3 Qe7 13. O-O-O Nb6 14. Bb3 Rc8 15.
e4 c5 16. d5 c4 17. Bc2 e5 18. Bg5 Bxc3 19. bxc3 Qd6 20. Kd2 Nfd7 21. g4 Nc5 22.
Rb1 Rc7 23. h4 Nbxa4 24. h5 gxh5 25. gxh5 Nb6 26. h6 gxh6 27. Qf6 Nb3+ 28. Bxb3
Qxf6 29. Bxf6 cxb3 30. Bxh8 Nc4+ 31. Kd3 a4 32. Bf6 Kd7 33. Rxh6 b5 34. Rh8 Ra7
35. Rf8 Kd6 36. Rb8 Na3 37. Rb6+ Kd7 38. Rh1 b2 39. c4 Rc7 40. Bxe5 Nxc4 41. Bxc7
1-0

[Event "Druzynowe Mistrzostwa Polski - II Liga 2023"]
[Site "Jastrzebia Gora"]
[Date "1899-12-30"]
[Round "3.104"]
[White "Wieczorek, Mikolaj"]
[Black "Majocha, Piotr"]
[Result "1/2-1/2"]
[WhiteTitle "I++"]
[BlackTitle "I++"]
[WhiteElo "1903"]
[BlackElo "2004"]

1. e4 e6 2. d4 d5 3. e5 c5 4. c3 Qb6 5. Nf3 Bd7 6. Bd3 cxd4 7. O-O Bb5 8. cxd4
Bxd3 9. Qxd3 Nc6 10. Nc3 a6 11. a3 Nge7 12. b4 Na7 13. Bd2 Nec6 14. Rfc1 Be7 15.
Na4 Qb5 16. Qc2 O-O 17. Nc5 Rfc8 18. Qb1 Qb6 19. Bg5 h6 20. Bxe7 Nxe7 21. Qd3
Rc7 22. h4 Qb5 23. Qd2 Rac8 24. a4 Qb6 25. a5 Qb5 26. g4 Nac6 27. Rcb1 Qc4 28.
Na4 Na7 29. Nb6 Qc3 30. Qxc3 Rxc3 31. Nxc8 Rxc8 32. Rc1 Rxc1+ 33. Rxc1 Nec6 34.
Kf1 Nb5 35. Ke2 Nbxd4+ 36. Nxd4 Nxd4+ 37. Ke3 Nc6 38. f4 g6 39. Rb1 Kf8 40. Kd3
Ke7 41. b5 Nxa5 42. bxa6 bxa6 43. Rb6 Nc4 44. Rxa6 g5 45. hxg5 hxg5 46. Ke4 1/2-1/2

[Event "Druzynowe Mistrzostwa Polski - II Liga 2023"]
[Site "Jastrzebia Gora"]
[Date "1899-12-30"]
[Round "3.105"]
[White "Machlowski, Slawomir"]
[Black "Gibala, Adam"]
[Result "0-1"]
[WhiteTitle "I+"]
[BlackTitle "I"]
[WhiteElo "1960"]
[BlackElo "1828"]

1. Nf3 d5 2. g3 c5 3. Bg2 g6 4. c4 d4 5. O-O Bg7 6. e3 Nc6 7. exd4 cxd4 8. d3 Nf6
9. b4 O-O 10. b5 Nb8 11. Bb2 Ne8 12. Re1 Nc7 13. Nbd2 Re8 14. Nb3 e5 15. Nfd2
Nd7 16. a4 Nf6 17. a5 Bg4 18. Qb1 Qc8 19. a6 bxa6 20. Bxa8 Qxa8 21. bxa6 Ne6 22.
h4 Nh5 23. Kh2 f5 24. Ba3 Nef4 25. gxf4 Nxf4 26. Rg1 Qd8 27. Rxg4 fxg4 28. Qf1
Qxh4+ 29. Kg1 g3 30. fxg3 Qxg3+ 31. Kh1 Qh4+ 32. Kg1 Re6 33. Ne4 g5 34. Qf3 Rh6
35. Kf1 g4 36. Nf6+ Rxf6 37. Qa8+ Bf8 38. Be7 Nxd3+ 39. Ke2 Qf2+ 40. Kxd3 Qe3+
41. Kxd4 0-1

[Event "Druzynowe Mistrzostwa Polski - II Liga 2023"]
[Site "Jastrzebia Gora"]
[Date "1899-12-30"]
[Round "3.106"]
[White "Nagly, Wojciech"]
[Black "Sypien, Natan"]
[Result "1-0"]
[WhiteTitle "I"]
[BlackTitle "I"]
[WhiteElo "1833"]
[BlackElo "1770"]

1. d4 Nf6 2. Nf3 d5 3. e3 c5 4. Be2 Nc6 5. O-O Bg4 6. c4 cxd4 7. Nxd4 Bxe2 8. Nxe2
dxc4 9. Qa4 e6 10. Nbc3 Be7 11. Qxc4 O-O 12. b3 Rc8 13. Qa4 Qb6 14. Bb2 Rfd8 15.
Rfd1 Qb4 16. Qxb4 Nxb4 17. Nd4 Bf8 18. a3 e5 19. axb4 exd4 20. exd4 Bxb4 21. Rac1
Bxc3 22. Bxc3 Nd5 23. Bd2 f6 24. Kf1 Kf7 25. Ke2 Nc7 26. Be3 Nb5 27. Kd3 b6 28.
Rc4 Ke6 29. Rdc1 Nd6 30. Rxc8 Rxc8 31. Ra1 Nb5 32. Bd2 Kd5 33. Ra4 a5 34. Rc4
Nd6 35. Ra4 Ne4 36. Rc4 Nd6 37. Ra4 Rc6 38. f3 h5 39. Bxa5 Nb5 40. Bd2 Nc7 41.
Ra7 Ke6 42. h4 g6 43. Rb7 Kf5 44. Rb8 Nb5 45. Rd8 Rd6 46. Rxd6 Nxd6 47. Bb4 Nc8
48. d5 Ke5 49. Kc4 f5 50. f4+ Kf6 51. Kb5 Kf7 52. Kc6 1-0

[Event "Druzynowe Mistrzostwa Polski - II Liga 2023"]
[Site "Jastrzebia Gora"]
[Date "1899-12-30"]
[Round "3.107"]
[White "Szydelko, Michal"]
[Black "Dobrowolski, Kamil"]
[Result "1-0"]
[WhiteTitle "I++"]
[BlackTitle "II+"]
[WhiteElo "1731"]
[BlackElo "1648"]

1. e4 c5 2. Nf3 d6 3. c3 Nf6 4. Bb5+ Bd7 5. Bxd7+ Qxd7 6. d3 Nc6 7. O-O e6 8. Re1
Be7 9. d4 cxd4 10. Nxd4 O-O 11. Bg5 h6 12. Bh4 d5 13. e5 Ne4 14. Nxc6 Bxh4 15.
Rxe4 Bg5 16. Nb4 a5 17. Nc2 Qb5 18. Nba3 Qxb2 19. Re2 Qxc3 20. Rb1 Be7 21. Rxb7
Bxa3 22. Rb3 1-0

[Event "Druzynowe Mistrzostwa Polski - II Liga 2023"]
[Site "Jastrzebia Gora"]
[Date "1899-12-30"]
[Round "3.108"]
[White "Popczynska, Michalina"]
[Black "Dmochowska, Agnieszka"]
[Result "1/2-1/2"]
[WhiteTitle "I"]
[BlackTitle "WFM"]
[WhiteElo "1502"]
[BlackElo "2040"]

1. e4 c5 2. Nf3 Nc6 3. d4 cxd4 4. Nxd4 e6 5. c4 Bc5 6. Nb3 Be7 7. Nc3 Nf6 8. Be2
b6 9. Be3 Bb7 10. O-O Rc8 11. f4 O-O 12. Qe1 Nb4 13. e5 Ne4 14. Nxe4 Bxe4 15.
Nd4 f6 16. Rd1 Qe8 17. a3 Nc6 18. exf6 Rxf6 19. Nb5 e5 20. Bg4 Qg6 21. Qg3 Bd3
22. Bxd7 Bxf1 23. Bxc8 Bxc4 24. Qxg6 hxg6 25. fxe5 Nxe5 26. Nc3 Bb3 27. Re1 Nd3
28. Re2 Nc5 29. Bg5 Rf8 30. Bxe7 Rxc8 31. Bxc5 Rxc5 32. Re7 a5 1/2-1/2

[Event "Druzynowe Mistrzostwa Polski - II Liga 2023"]
[Site "Jastrzebia Gora"]
[Date "1899-12-30"]
[Round "3.109"]
[White "Daniel, Damian"]
[Black "Trzebinski, Patryk"]
[Result "1-0"]
[WhiteTitle "CM"]
[BlackTitle "I++"]
[WhiteElo "2114"]
[BlackElo "1916"]

1. d4 Nf6 2. c4 e5 3. dxe5 Ng4 4. e3 Nxe5 5. Nh3 Bb4+ 6. Bd2 Bxd2+ 7. Qxd2 b6 8.
Nc3 Bb7 9. Nf4 a5 10. h4 Na6 11. O-O-O Nc5 12. Ncd5 d6 13. Nh5 O-O 14. f3 f5 15.
Be2 Qd7 16. Kb1 Rae8 17. Nhf4 a4 18. h5 Ba6 19. Rc1 h6 20. Rh3 Rb8 21. Nb4 Qf7
22. Qc3 Bc8 23. Rg3 Ne6 24. Ng6 Nxg6 25. hxg6 Qf6 26. Qxf6 gxf6 27. Nc6 f4 28.
Ne7+ Kg7 29. Nf5+ Kh8 30. Rh1 Ng5 31. g7+ Kg8 32. gxf8=Q+ Kxf8 33. Rxg5 hxg5 34.
e4 1-0

[Event "Druzynowe Mistrzostwa Polski - II Liga 2023"]
[Site "Jastrzebia Gora"]
[Date "1899-12-30"]
[Round "3.110"]
[White "Malinowski, Szymon"]
[Black "Rychlik, Hanna"]
[Result "0-1"]
[WhiteTitle "I++"]
[BlackTitle "k"]
[WhiteElo "1902"]
[BlackElo "2026"]

1. d4 d6 2. Nf3 g6 3. Bg5 Bg7 4. c3 Nf6 5. Nbd2 Nbd7 6. e4 e5 7. Bc4 O-O 8. O-O
c6 9. b4 Qc7 10. Bb3 a5 11. Rc1 b5 12. bxa5 Rxa5 13. c4 exd4 14. cxb5 Rxb5 15.
Ba4 Rc5 16. Bc2 Ba6 17. Re1 d3 18. Bb1 Ng4 19. Bf4 Rxc1 20. Qxc1 Qb6 21. Bg3 Nde5
22. Qa3 Rd8 23. h3 Nxf3+ 24. gxf3 Bb2 25. Qa4 Ne5 26. f4 Bc3 27. Rd1 Bxd2 28.
fxe5 dxe5 29. Bxe5 c5 30. Bc7 Qxc7 31. Qxa6 Qf4 32. Bxd3 Bc3 33. Qb6 Qg5+ 34.
Kf1 Bd4 35. Qb3 Qh4 36. Rd2 Qxh3+ 37. Ke2 Qg2 38. Kd1 Bxf2 39. e5 Qg1+ 40. Kc2
Be3 41. Rd1 Qh2+ 42. Kb1 Qxe5 43. Rf1 Rb8 0-1

[Event "Druzynowe Mistrzostwa Polski - II Liga 2023"]
[Site "Jastrzebia Gora"]
[Date "1899-12-30"]
[Round "3.111"]
[White "Reichel, Lukasz"]
[Black "Twardowski, Hubert"]
[Result "0-1"]
[WhiteTitle "I"]
[BlackTitle "I+"]
[WhiteElo "1928"]
[BlackElo "1853"]

1. e4 c5 2. Nf3 Nc6 3. d4 cxd4 4. Nxd4 Nf6 5. Nc3 e5 6. Ndb5 d6 7. Bg5 a6 8. Na3
b5 9. Bxf6 gxf6 10. Nd5 Bg7 11. c3 f5 12. exf5 Bxf5 13. g3 O-O 14. Bg2 Bd7 15.
O-O Rb8 16. Qe2 f5 17. Rad1 f4 18. Be4 Bf5 19. Nxf4 Nd4 20. cxd4 exf4 21. Bxf5
Rxf5 22. Qe6+ Rf7 23. Rfe1 Qf8 24. Nc2 Rc8 25. Rd2 Kh8 26. Re4 Bh6 27. gxf4 Bxf4
28. Rde2 Qg7+ 29. Kf1 Rg8 30. Re1 Bd2 31. Ke2 Rxf2+ 32. Kd1 Bxe1 33. Rxe1 Qg4+
34. Qxg4 Rxg4 35. Re2 Rxe2 36. Kxe2 Rg2+ 37. Kd3 Rxh2 38. b3 Rxc2 39. Kxc2 Kg7
40. Kd3 Kf6 41. Ke4 Ke6 42. d5+ Kf6 43. a4 bxa4 44. bxa4 a5 45. Kf4 h5 46. Kg3
Ke5 47. Kh4 Kxd5 48. Kxh5 0-1

[Event "Druzynowe Mistrzostwa Polski - II Liga 2023"]
[Site "Jastrzebia Gora"]
[Date "1899-12-30"]
[Round "3.112"]
[White "Chmura, Eryk"]
[Black "Borowski, Przemyslaw"]
[Result "1-0"]
[WhiteTitle "I++"]
[BlackTitle "I"]
[WhiteElo "1752"]
[BlackElo "1794"]

1. e4 c6 2. d4 d5 3. e5 c5 4. c3 cxd4 5. cxd4 Nc6 6. Nc3 Bf5 7. Be2 e6 8. Nf3 Bb4
9. O-O a6 10. Bd2 Nge7 11. Rc1 O-O 12. a3 Ba5 13. b4 Bb6 14. Be3 Bg4 15. Qd2 Nf5
16. Ne1 Bxe2 17. Nxe2 f6 18. f4 fxe5 19. fxe5 Nxe3 20. Rxf8+ Qxf8 21. Qxe3 Qf5
22. Nf3 Rf8 23. Rd1 h6 24. h3 Qe4 25. Rd3 Qg6 26. Kh2 Ne7 27. Rd1 Nf5 28. Qd3
h5 29. g3 Qh6 30. Re1 Bd8 31. Qd2 Ne3 32. Neg1 Ng4+ 33. hxg4 Qxd2+ 34. Nxd2 Rf2+
35. Kh3 hxg4+ 36. Kxg4 Rxd2 37. Nf3 Rd3 38. Rc1 Kf7 39. Rc8 Bb6 40. Rb8 Bxd4 41.
Rxb7+ Kf8 42. Rb8+ Kf7 43. Ra8 Bb2 44. Ra7+ Kf8 45. Rxa6 Bxa3 46. b5 Rb3 47. Ng5
Bb2 48. Nxe6+ Kf7 49. Ng5+ Ke8 50. Ra8+ Ke7 51. Ra7+ Ke8 52. Nf7 Bd4 53. Rb7 Bf2
54. Nd6+ Kd8 55. e6 Re3 56. Rd7# 1-0

[Event "Druzynowe Mistrzostwa Polski - II Liga 2023"]
[Site "Jastrzebia Gora"]
[Date "1899-12-30"]
[Round "3.113"]
[White "Czaplewska, Klara"]
[Black "Hladun, Bartlomiej"]
[Result "0-1"]
[WhiteTitle "k+"]
[BlackTitle "I"]
[WhiteElo "1844"]
[BlackElo "1693"]

1. e4 c5 2. Nf3 g6 3. d4 cxd4 4. Nxd4 Nc6 5. Nc3 Bg7 6. Be3 Nf6 7. Nb3 O-O 8. f3
Re8 9. Qd2 e6 10. O-O-O d5 11. Bg5 Qb6 12. exd5 Nxd5 13. Nxd5 exd5 14. h4 Nb4
15. Kb1 Bf5 16. Bd3 Bxd3 17. cxd3 a5 18. d4 Qb5 19. Rhe1 Qa4 20. Nc1 Rec8 21.
b3 Qd7 22. Re7 Qf5+ 23. Nd3 h6 24. g4 Qxd3+ 25. Qxd3 Nxd3 26. Rxd3 hxg5 27. hxg5
b6 28. Rd7 Rd8 29. Rb7 Rab8 30. Rc7 Rbc8 31. Rb7 Rc6 32. f4 Rdc8 33. Rd7 Bf8 34.
Rd1 Ba3 0-1

[Event "Druzynowe Mistrzostwa Polski - II Liga 2023"]
[Site "Jastrzebia Gora"]
[Date "1899-12-30"]
[Round "3.114"]
[White "Filipska, Maja"]
[Black "Dranka, Jowita"]
[Result "0-1"]
[WhiteTitle "I++"]
[BlackTitle "I+"]
[WhiteElo "1763"]
[BlackElo "1636"]

1. e4 c5 2. Nf3 e6 3. d3 Nc6 4. g3 Nf6 5. Nbd2 d5 6. Bg2 dxe4 7. dxe4 Be7 8. O-O
O-O 9. c3 Qc7 10. a4 b6 11. Qe2 a5 12. Re1 Ba6 13. c4 Rad8 14. e5 Nd5 15. Qe4
Ndb4 16. Nf1 Nd4 17. Ng5 Bxg5 18. Bxg5 Rd7 19. Ne3 Bb7 20. Qg4 Bxg2 21. Bf6 g6
22. Nxg2 Qb7 23. Re4 h5 24. Qf4 Kh7 25. Ra3 Nf5 26. g4 Rd1+ 27. Re1 Rd4 28. Qc1
Rxg4 29. f3 Rd4 30. Nf4 Qd7 31. Nh3 Rd2 32. Ng5+ Kg8 33. Ne4 Qd4+ 34. Kh1 Rc2
35. Qf4 Qxb2 36. Rd1 Qxa3 37. Bh4 Qe3 38. Nf6+ Kh8 39. Nxh5 Qxf4 40. Bf6+ Kg8
41. Nxf4 Nd4 42. h4 Nxf3 43. Ng2 Rxc4 44. Rf1 Nd2 45. Rd1 Ne4 0-1

[Event "Druzynowe Mistrzostwa Polski - II Liga 2023"]
[Site "Jastrzebia Gora"]
[Date "1899-12-30"]
[Round "3.115"]
[White "Maj, Pawel"]
[Black "Bielinski, Dariusz"]
[Result "0-1"]
[WhiteTitle "k"]
[BlackTitle "k+"]
[WhiteElo "2208"]
[BlackElo "2129"]

1. e4 d6 2. d4 g6 3. Nc3 Bg7 4. Be3 c6 5. Qd2 b5 6. h3 Qc7 7. f4 Nd7 8. Nf3 b4
9. Nd1 Ngf6 10. Bd3 a5 11. e5 Nd5 12. c4 bxc3 13. bxc3 dxe5 14. fxe5 f6 15. Bh6
O-O 16. Bxg7 Kxg7 17. Ne3 fxe5 18. Ng4 Nf4 19. Ngxe5 Nxe5 20. Nxe5 Nxd3+ 21. Qxd3
Rb8 22. Rf1 Rf6 23. g4 c5 24. g5 Rxf1+ 25. Kxf1 Bf5 26. Qc4 Qb7 27. Qf7+ Kh8 28.
Kg1 Qe4 29. Rf1 Qe3+ 0-1